|
|
|
|
| LEADER |
00000naa a2200000uu 4500 |
| 001 |
vtls011040207 |
| 003 |
SK-MaSNL |
| 005 |
20260302124723.0 |
| 008 |
210904|1999 xo |||||||||||||||||slo| |
| 015 |
|
|
|a SNBRA
|
| 035 |
|
|
|a (urnnbn)urn:nbn:sk:snk:ar-008xmf
|
| 035 |
|
|
|a (uuid)3b276d71-bfba-4e2e-ad56-ab6b06438d89
|
| 035 |
|
|
|a urn:nbn:sk:snk-aaut4l
|
| 040 |
|
|
|a SNKBUCL
|b slo
|c SNKBUCL
|e AACR2
|
| 041 |
0 |
|
|a slo
|
| 044 |
|
|
|a xo
|c SK
|
| 100 |
1 |
|
|a Kubinová, Zuzana,
|d 1974-
|4 aut
|9 797772
|
| 245 |
1 |
0 |
|a Softvérová podpora vyučovania štatistických metód
|c Zuzana Kubinová, Gabriela Ižaríková
|
| 700 |
1 |
|
|a Ižaríková, Gabriela,
|d 1974-
|4 aut
|9 218323
|
| 773 |
0 |
|
|t Štatistické metódy v praxi 1999
|d Bratislava : Slovenská štatistická a demografická spoločnosť, 1999
|g S. 22-25
|z 8088946026
|
| 958 |
|
|
|a OND
|
| 958 |
|
|
|a article12
|
| 958 |
|
|
|a chapter
|
| 999 |
|
|
|c 1289613
|d 1291543
|